Water resources sustainability
Αποθηκεύτηκε σε:
| Κύριος συγγραφέας: | |
|---|---|
| Συγγραφή απο Οργανισμό/Αρχή: | |
| Μορφή: | Βιβλίο |
| Γλώσσα: | English |
| Δημοσίευση: |
New York : Alexandria :
McGraw-Hill, WEF Press,
c2007
|
| Θέματα: | |
| Ετικέτες: |
Προσθήκη ετικέτας
Δεν υπάρχουν, Καταχωρήστε ετικέτα πρώτοι!
|
MARC
| LEADER | 00000nam a2200000 i 4500 | ||
|---|---|---|---|
| 001 | 1/50575 | ||
| 008 | 070906s2007 eng d | ||
| 020 | |a 978-0-07-146230-3 | ||
| 020 | |a 0-07-146230-9 | ||
| 035 | |l 10089492 | ||
| 040 | |a GR-MY-UA |b gre |e aacr | ||
| 041 | 0 | |a eng | |
| 082 | 0 | |a 363.61 |2 (22) | |
| 100 | 1 | |a Mays, Larry W. | |
| 245 | 1 | 0 | |a Water resources sustainability / |c editor-in-chief larry W. Mays |
| 260 | |a New York : |a Alexandria : |b McGraw-Hill, |b WEF Press, |c c2007 | ||
| 300 | |a xiv, 330 σ.; |b πίν., σχ.; |c 24 εκ. | ||
| 500 | |a Ασφάλεια, φυσικές καταστροφές, διαχείριση υδάτινων πόρων, κλίμα | ||
| 504 | |a Βιβλιογραφία: 318-319. Ευρετήρια | ||
| 650 | 0 | 0 | |a Water-supply. |
| 650 | 0 | 0 | |a Water resources development. |
| 650 | 0 | 0 | |a Water-supply |x Management. |
| 650 | 0 | 0 | |a Water-supply engineering. |
| 650 | 0 | 0 | |a Sustainable development. |
| 710 | 2 | |a Water Environment Federation. | |
| 852 | |a INST |b CHIOS |e 20070803 |h 363.61 MAY |p 005200025673 |q 005200025673 |t BK |y 0 | ||
| 901 | |a BIBL2-2007-3 | ||
| 909 | |a Χ |b 137230 | ||
| 922 | |a 2ΕΛΗ |b 200707 |c ΕΠΕΑΕΚ2/ΤΜΟΔ |d ΕΛΕΥΘΕΡΟΥΔΑΚΗΣ | ||
| 970 | |a ΑΤΣΑΛΗ |b ΔΕΣΠΟΙΝΑ |z 2007/09/06 | ||